000 00732nam a2200193 i 4500
001 73758
003 ES-MaACL
005 20230906171921.0
007 t|
008 040910s1979 sp ||||1| spa d
100 0 _aGómez-Tabanera, José Manuel,
_d1926-2011
_958165
245 1 0 _aNuevas perspectivas para el estudio del arte rupestre galaico-portugués a la luz de la antropología /
_cJosé Manuel Gómez-Tabanera.
260 _aZaragoza :
_b[s.n.,
_c1979]
300 _a6 h. ;
_c24 cm.
500 _aEs Separata del: XV Congreso Nacional de Arqueología, Lugo 1977, p. 439-450.
711 2 _aCongreso Nacional de Arqueología (
_n15º.
_d1977.
_cLugo)
_9515
852 _aES-MaACL
_j2112-F-23
_bR.99388
999 _c73758
_d73758